Fasihi simulizi ya Kiswahili / (Record no. 1962)
| 000 -LEADER | |
|---|---|
| fixed length control field | 00938cam a2200301 a 4500 |
| 001 - CONTROL NUMBER | |
| control field | 14764867 |
| 003 - CONTROL NUMBER IDENTIFIER | |
| control field | OSt |
| 005 - DATE AND TIME OF LATEST TRANSACTION | |
| control field | 20150901084836.0 |
| 008 - FIXED-LENGTH DATA ELEMENTS--GENERAL INFORMATION | |
| fixed length control field | 070312s2006 ke a b 000 0 swa |
| 010 ## - LIBRARY OF CONGRESS CONTROL NUMBER | |
| LC control number | 2007380303 |
| 020 ## - INTERNATIONAL STANDARD BOOK NUMBER | |
| International Standard Book Number | 9966974318 |
| 040 ## - CATALOGING SOURCE | |
| Original cataloging agency | DLC |
| Transcribing agency | DLC |
| 042 ## - AUTHENTICATION CODE | |
| Authentication code | lcode |
| 050 00 - LIBRARY OF CONGRESS CALL NUMBER | |
| Classification number | PL8703.5.F34 2006 |
| 245 00 - TITLE STATEMENT | |
| Title | Fasihi simulizi ya Kiswahili / |
| Statement of responsibility, etc | wahariri, Kimani Njogu, Clara Momanyi, Mbatha Mathooko. |
| 260 ## - PUBLICATION, DISTRIBUTION, ETC. (IMPRINT) | |
| Place of publication, distribution, etc | Nairobi : |
| Name of publisher, distributor, etc | Twaweza Communications, |
| Date of publication, distribution, etc | 2006. |
| 300 ## - PHYSICAL DESCRIPTION | |
| Extent | xi, 159 p. : |
| Other physical details | ill. ; |
| Dimensions | 21 cm. |
| 504 ## - BIBLIOGRAPHY, ETC. NOTE | |
| Bibliography, etc | Includes bibliographical references. |
| 520 ## - SUMMARY, ETC. | |
| Summary, etc | Swahili oral literature. |
| 546 ## - LANGUAGE NOTE | |
| Language note | In Swahili. |
| 650 #0 - SUBJECT ADDED ENTRY--TOPICAL TERM | |
| Topical term or geographic name as entry element | Folk literature, Swahili |
| General subdivision | History and criticism. |
| 700 1# - ADDED ENTRY--PERSONAL NAME | |
| Personal name | Njogu, Kimani. |
| 700 1# - ADDED ENTRY--PERSONAL NAME | |
| Personal name | Momanyi, Clara. |
| 700 1# - ADDED ENTRY--PERSONAL NAME | |
| Personal name | Mathooko, Mbatha. |
| 906 ## - LOCAL DATA ELEMENT F, LDF (RLIN) | |
| a | 7 |
| b | cbc |
| c | origode |
| d | 3 |
| e | ncip |
| f | 20 |
| g | y-gencatlg |
| 942 ## - ADDED ENTRY ELEMENTS (KOHA) | |
| Source of classification or shelving scheme | |
| Koha item type | Book |
| Withdrawn status | Lost status | Source of classification or shelving scheme | Damaged status | Not for loan | Home library | Current library | Shelving location | Date acquired | Total Checkouts | Full call number | Barcode | Date last seen | Copy number | Price effective from | Koha item type |
|---|---|---|---|---|---|---|---|---|---|---|---|---|---|---|---|
| Riara University Library | Riara University Library | General stack | 01/09/2015 | PL8703.5.F34 2006 | 6612/15 | 01/09/2015 | C.1 | 01/09/2015 | Book | ||||||
| Riara University Library | Riara University Library | General stack | 01/09/2015 | PL8703.5.F34 2006 | 6613/15 | 15/02/2016 | C.2 | 01/09/2015 | Book | ||||||
| Riara University Library | Riara University Library | General stack | 01/09/2015 | PL8703.5.F34 2006 | 6614/15 | 01/09/2015 | C.3 | 01/09/2015 | Book |
